000 01746nam a2200337 i 4500
999 _c65266
_d65266
001 768714001
003 CO-MdFUSB
005 20191022100617.0
008 190930t2010 ag |||| |||| 00| 0 spa d
020 _a9789876580618
040 _aCO-MdFUSB
_bspa
_cCO-MdFUSB
_dCO-MdFUSBC
_erda
041 _aspa
_hfre
082 _223
_a843
_bM262
100 _aMalzieu, Mathias.
_eautor
240 _aMaintenant qu´il fait tout le temps nuit sur toi
245 3 _aLa alargada sombra del amor.
_c/ Mathias Malzieu. ; Traducido por Sofía Tros de Ilarduya
264 1 _aArgentina :
_bReservoir Books Mondadori,
_c[2010]
264 4 _c© 2010
300 _a148 páginas
_c; 22 cm
336 _2rdacontent
_asonidos
_btxt
337 _2rdamedia
_asin mediación
_bn
338 _2rdacarrier
_avolumen
_bnc
520 3 _aMathias, un joven treintañero, acaba de perder a su madre. El período de duelo se cierne sobre él. Mientras espera en el parking del hospital a su padre y a su hermana, ocurre un hecho insólito. Un gigante se le aparece y le anuncia: «Soy el gigante Jack, doctor en sombrología. Trato a las personas aquejadas de duelo administrándoles un trozo de mi sombra. Con la sombra se puede batir el dolor y la muerte». ¿Será Mathias capaz de vencer el dolor? ¿Evitará asomarse al abismo? ¿Somos nosotros mismos capaces de asumir la pérdida de un amor, un familiar o un amigo? Si no es así, el gigante Jack -un viejo conocido de los lectores- tiene la fórmula perfecta para todos.
563 _aRústico
650 7 _2embne
_92653
_aLiteratura francesa
653 _aNovela francesa
653 _aFicción francesa
700 _92583
_aTros de Ilarduya, Sofía.
_etraductor
942 _cBK
945 _aJTF-925